The kingdom of heaven. (Record no. 12581)

000 -LEADER
fixed length control field 00556nam a2200181 a 4500
001 - CONTROL NUMBER
control field :::00010388$&:&@@
003 - CONTROL NUMBER IDENTIFIER
control field OkBaRHE
005 - DATE AND TIME OF LATEST TRANSACTION
control field 20000607103358.0
008 - FIXED-LENGTH DATA ELEMENTS--GENERAL INFORMATION
fixed length control field j 000 0 eng u
040 ## - CATALOGING SOURCE
Transcribing agency
100 1# - MAIN ENTRY--PERSONAL NAME
Personal name Dennis, J. A.
245 14 - TITLE STATEMENT
Title The kingdom of heaven.
260 ## - PUBLICATION, DISTRIBUTION, ETC. (IMPRINT)
Place of publication, distribution, etc Austin, TX., :
Name of publisher, distributor, etc Words of Life
Date of publication, distribution, etc nd
300 ## - PHYSICAL DESCRIPTION
Extent 64 p. : illus. ;
Dimensions 15 cm.
650 ## - SUBJECT ADDED ENTRY--TOPICAL TERM
Topical term or geographic name as entry element Christian Life
General subdivision Addresses, Essays, Lectures
942 ## - ADDED ENTRY ELEMENTS (KOHA)
Source of classification or shelving scheme
Koha item type Books
Copies
Lost status Full call number Shelving location Barcode Source of classification or shelving scheme Permanent Location Damaged status Withdrawn status Koha item type Copy number Date last seen Not for loan Date acquired Price effective from
 BV 4501 .D384General Stacks10388 RHEMA Bible Training College  Books12010-04-14 2010-04-142010-04-14